| 000 | 00991nam a22002537a 4500 | ||
|---|---|---|---|
| 005 | 20170124103104.0 | ||
| 010 | _aB-070965 | ||
| 020 | _c140.00 | ||
| 035 | _aB-070965 | ||
| 037 | _bCen Lib/Ret | ||
| 040 |
_aDPL _bHN |
||
| 082 |
_aक _bचतुर्वे |
||
| 100 |
_aचतुर्वेदी, शिवनारायण _945 |
||
| 245 |
_aऐसा भी होता है / _c शिवनारायण चतुर्वेदी |
||
| 246 |
_aEsa bhi hota hai _bby Shivnarayan Chaturvedi |
||
| 260 |
_aइलाहाबाद _bउमेश प्रकाशन _c2002 |
||
| 270 |
_a100, लकूर गंज _bइलाहाबाद |
||
| 300 |
_a146पृष्ठ. _c20सेमी(सजिल्द) |
||
| 650 |
_aहिंदी साहित्य _977760 |
||
| 650 |
_aहिंदी कहानी _977761 |
||
| 650 |
_aHindi literature _977762 |
||
| 650 |
_aHindi story _943117 |
||
| 942 |
_2ddc _cHN _hक _mचतुर्वे |
||
| 999 |
_c117974 _d117974 |
||